000 00646nam a2200217Ii 4500
001 2179
003 CO-ViMGA
008 241108s9999||||xx |||||||||||||| ||und||
020 _a958080303X
040 _aCO-ViMGA
_bspa
_erda
_cCO-ViMGA
041 0 _aspa
082 0 4 _a741.5 B43c1
100 1 _aBruce Blitz
_945293
245 1 0 _aCómo hacer caricaturas, 1 [videocasete]
264 1 _a[Lugar de publicación no identificado] : Círculo de Lectores, 2000
300 _avolumen
336 _atext
_btxt
_2rdacontent
337 _aunmediated
_bn
_2rdamedia
338 _avolume
_bnc
_2rdacarrier
940 _aidficha_siabuc: 2134. -- ficha_no_siabuc:2179
999 _c39812
_d39812